La Italia roja o Historia de las revoluciones de Roma, Nápoles, Palermo, Mesina, Florencia, Parma, Módena, Turín, Milán y Venecia desde el advenimiento del papa Pío IX en junio de 1846 hasta que regresó a su capital en abril de 1850 / (Record no. 25241)

MARC details
000 -LEADER
campo de control de longitud fija 01300nam a2200229 i 4500
001 - NÚMERO DE CONTROL
campo de control 25241
003 - IDENTIFICADOR DE NÚMERO DE CONTROL
campo de control ES-MaACL
005 - FECHA Y HORA DE LA ÚLTIMA TRANSACCIÓN
campo de control 20250628063303.0
007 - CAMPO FIJO DE DESCRIPCIÓN FÍSICA--INFORMACIÓN GENERAL
campo de control de longitud fija t|
008 - DATOS DE LONGITUD FIJA--INFORMACIÓN GENERAL
campo de control de longitud fija 021223s1851 sp ||||1| spa d
100 1# - ENTRADA PRINCIPAL--NOMBRE DE PERSONA
Nombre de persona Arlincourt, Charles-Victor Prévost d',
Fechas asociadas al nombre 1789-1856
9 (RLIN) 22897
Término indicativo de función/relación Autor
245 13 - MENCIÓN DEL TÍTULO
Título La Italia roja o Historia de las revoluciones de Roma, Nápoles, Palermo, Mesina, Florencia, Parma, Módena, Turín, Milán y Venecia desde el advenimiento del papa Pío IX en junio de 1846 hasta que regresó a su capital en abril de 1850 /
Mención de responsabilidad, etc. escrita en fráncés por Charles-Victor Prévôst de'Arlincourt y traducida al castellano por un redactor de "La Esperanza"
246 1# - FORMA VARIANTE DEL TITULO
Título propio/Titulo breve Historia de las revoluciones de Roma, Nápoles, Palermo, Mesina, Florencia, Parma, Módena, Turín, Milán y Venecia desde el advenimiento del papa Pío IX en junio de 1846 hasta que regresó a su capital en abril de 1850
260 ## - PUBLICACIÓN, DISTRIBUCIÓN, ETC.
Lugar de publicación, distribución, etc. Madrid :
Nombre del editor, distribuidor, etc. [s.n.,
Fecha de publicación, distribución, etc. 1851]
Fabricante (Imp. de Manuel Pita)
300 ## - DESCRIPCIÓN FÍSICA
Extensión XXXIV, 346 páginas ;
Dimensiones 18 cm.
500 ## - NOTA GENERAL
Nota general Donativo Ángel Calderón de la Barca
650 #7 - PUNTO DE ACCESO ADICIONAL DE MATERIA--TÉRMINO DE MATERIA
9 (RLIN) 147658
Término de materia o nombre geográfico como elemento de entrada Revoluciones-
Subdivisión geográfica Europa-
Subdivisión cronológica S.XIX
852 ## - LOCALIZACIÓN
Ubicación ES-MaACL
Ubicación en estantería Sala Pecera Planta 3
Donativo/Legado Donat. Ángel Calderón de la Barca
Número de control de estantería G-10545
942 ## - ELEMENTOS DE ENTRADA SECUNDARIOS (KOHA)
Fuente del sistema de clasificación o colocación Clasificación decimal universal
Tipo de ítem Koha Libro impreso antiguo
Suprimir en OPAC No
Holdings
Estatus retirado Estado de pérdida Estado de daño No para préstamo Colección Biblioteca de origen Biblioteca actual Ubicación en estantería Fecha de adquisición Fuente de adquisición Total de préstamos Signatura topográfica completa Código de barras Visto por última vez Precio de reemplazo Tipo de ítem Koha
        Libros del s. XIX Biblioteca del Ateneo de Madrid Biblioteca del Ateneo de Madrid Sala Pecera Planta 3 17/01/2008     G-10545 1026022 23/02/2023 23/02/2023 Libro impreso antiguo